00266nam a2200121Ia 4500100001400000650000900014366000700023245003600030260003300066082001400099300000800113546002300121 aXavier/C  aHTML f20 aWorld wide web design with HTML bTata Mc Graw hill Ltd.c2000 a4.65bXAV a257 aENGLISHcComputers